000 01353cam a2200325 i 4500
999 _c9610
_d9610
001 17805772
003 GBCCL
005 20241126110715.0
008 130709s2013 miub b 001 0 eng
010 _a 2013018569
020 _a9780801027543 (cloth)
040 _aDLC
_beng
_cDLC
_erda
_dDLC
042 _apcc
050 0 0 _aBS2685.53
_b.M65 2013
082 0 0 _a225.77
_a227.4077
_223
_bBAK
100 1 _aMoo, Douglas J.
_923
245 1 0 _aGalatians /
_cDouglas J. Moo.
264 1 _aGrand Rapids, MI :
_bBaker Academic,
_c[2013]
300 _axix, 469 pages :
_bmap ;
_c24 cm.
336 _atext
_2rdacontent
337 _aunmediated
_2rdamedia
338 _avolume
_2rdacarrier
490 0 _aBaker exegetical commentary on the New Testament
504 _aIncludes bibliographical references and index.
505 0 _aIntroduction : the cross and the new age (1:1-10) -- The truth of the gospel (1:11-2:21) -- The defense of the gospel (3:1-5:12) -- The life of the gospel (5:13-6:10) -- Closing : cross and new creation (6:11-18).
630 0 0 _aBible.
_pGalatians
_vCommentaries.
_99746
906 _a7
_bcbc
_corignew
_d1
_eecip
_f20
_gy-gencatlg
942 _2ddc
_cREF